00610nam a2200205 i 4500001000700000003000900007005001700016008004100033017001800074020002200092080002100114100002200135245004700157260003700204300002100241490004200262500003800304830003900342852002300381169329ES-MaACL20250911062846.0080901s2008 sp |||| | spa d aM-12.505-2008 a978-84-7522-679-8 a821.134.2-14"19"1 aLanseros, Raquel.14aLos ojos de la niebla / cRaquel Lanseros. aMadrid : bVisor Libros, c2008. a47 p. ; c20 cm.1 aColección Visor de poesía ; v679 a"XXII Premio Unicaja de Poesía"0 aColección Visor de poesíav6794 aES-MaACLjL-29675